| 000 | 00339nam a2200145Ia 4500 | ||
|---|---|---|---|
| 008 | 230917s9999||||xx |||||||||||||| ||und|| | ||
| 040 |
_e39077 _aMAIN |
||
| 041 | _aEnglish | ||
| 082 | _a822.08 R349T | ||
| 100 | _aRhys, Ernest | ||
| 245 | 0 | _aThomas Dekker | |
| 260 |
_aLondon _bErnest Benn _c1949 |
||
| 300 | _axiv, 473 p. | ||
| 942 | _cBK | ||
| 999 |
_c188334 _d188334 |
||